| 000 | 00796nam a2200217Ia 4500 | ||
|---|---|---|---|
| 999 |
_c41174 _d41174 |
||
| 001 | 7825 | ||
| 003 | GE_BSU | ||
| 005 | 20221114162536.0 | ||
| 008 | 181216s2010||||en |||||||||||||| ||eng|| | ||
| 020 | _a9781575423456x | ||
| 040 | _cGE_BSU | ||
| 041 | _aeng | ||
| 080 | _a37 K-26 | ||
| 100 |
_aKaye, Cathryn Berger M.A. _914816 |
||
| 245 | 4 |
_aThe complete Guide to service learning : _bProven, Practical Ways to Engage Students in Civic Responsibility, Academic Curriculum, & Social Action / _c Cathryn Berger M.A. Kaye |
|
| 264 |
_aMinneapolis,USA, _bFree Spirit, _c2010. |
||
| 300 |
_a274 p.: _bIll. _c27cm. |
||
| 653 | _aProven, Practical Ways to Engage Students in Civic Responsibility, Academic Curriculum, & Social Action | ||
| 653 | _aპედაგოგიკა | ||
| 942 |
_cBK _2udc |
||